| Tag |
First Indicator |
Second Indicator |
Subfields |
| LEADER |
00000cam a2200000Ia 4500 |
| 001 |
in00002575911 |
| 005 |
20210727154800.0 |
| 006 |
m d |
| 007 |
cr cn| |
| 008 |
100323s2010 nyua sb 000 0 eng d |
| 020 |
|
|
|a 3642029531
|
| 020 |
|
|
|a 9783642029530
|
| 035 |
|
|
|a (OCoLC)567359182
|
| 035 |
|
|
|a (OCoLC)ocn567359182
|
| 035 |
|
|
|a 3706810
|
| 037 |
|
|
|a 978-3-642-02952-3
|b Springer
|n http://www.springerlink.com
|
| 040 |
|
|
|a GW5XE
|b eng
|c GW5XE
|d UtOrBLW
|
| 049 |
|
|
|a TXAC
|
| 050 |
1 |
4 |
|a HG230.3
|b .S354 2010
|
| 082 |
0 |
4 |
|a 332.4/6
|2 22
|
| 245 |
0 |
4 |
|a The science and practice of monetary policy today :
|b the Deutsche Bank Prize in Financial Economics 2007 /
|c Volker Wieland, editor.
|
| 264 |
|
1 |
|a New York :
|b Springer,
|c [2010]
|
| 264 |
|
4 |
|c ©2010
|
| 300 |
|
|
|a 145 pages :
|b illustrations ;
|c 25 cm.
|
| 336 |
|
|
|a text
|b txt
|2 rdacontent
|
| 337 |
|
|
|a computer
|b c
|2 rdamedia
|
| 338 |
|
|
|a online resource
|b cr
|2 rdacarrier
|
| 500 |
|
|
|a Electronic resource.
|
| 504 |
|
|
|a Includes bibliographical references.
|
| 533 |
|
|
|a Electronic reproduction.
|b New York :
|c Springer,
|d 2010.
|n Mode of access: World Wide Web.
|n System requirements: Web browser.
|n Title from title screen (viewed on Feb. 18, 2010).
|n Access may be restricted to users at subscribing institutions.
|
| 650 |
|
0 |
|a Economic policy.
|0 http://id.loc.gov/authorities/subjects/sh85040837
|
| 650 |
|
0 |
|a Monetary policy.
|0 http://id.loc.gov/authorities/subjects/sh85086787
|
| 650 |
|
0 |
|a Policy sciences.
|0 http://id.loc.gov/authorities/subjects/sh85104264
|
| 655 |
|
7 |
|a Electronic books.
|2 local
|
| 700 |
1 |
|
|a Wieland, Volker,
|e editor.
|0 http://id.loc.gov/authorities/names/no98098740
|
| 710 |
2 |
|
|a SpringerLink (Online service)
|0 http://id.loc.gov/authorities/names/no2005046756
|
| 776 |
1 |
|
|c Original
|z 9783642029523
|z 3642029523
|w (OCoLC)428028746
|
| 856 |
4 |
0 |
|u http://proxy.library.tamu.edu/login?url=https://dx.doi.org/10.1007/978-3-642-02953-0
|z Connect to the full text of this electronic book
|t 0
|
| 994 |
|
|
|a 92
|b TXA
|
| 999 |
|
|
|a MARS
|
| 999 |
f |
f |
|s 58771b84-be7f-32bb-b9e4-f2b454ecf5bb
|i add0448a-e3b6-3e2b-8188-24856f00ffda
|t 0
|
| 952 |
f |
f |
|a Texas A&M University
|b College Station
|c Electronic Resources
|d Available Online
|t 0
|e HG230.3 .S354 2010
|h Library of Congress classification
|
| 998 |
f |
f |
|a HG230.3 .S354 2010
|t 0
|l Available Online
|